000 00728nam a22002537a 4500
008 130826b xxu||||| |||| 00| 0 eng d
020 _a0 415 00 456 x
024 _cAvailable
037 _cAvailable
040 _aMBSTU Lbrary
_dMBSTU Lbrary
082 _a333.75IVD
100 _aJ.Ives
110 _aD.C Pitt
245 _aDeforestalion :Social Dynamics in watersheds and mountain Ecosys
260 _aLondon
_bRoutledge
_c1988
300 _a22cm
_b247page
_f1
_g22cm
600 _2Forest lands
700 _aJ.Ives
710 _aD.C Pitt
270 _aLondon
_blondon
_duk
365 _b4409.00
_d4409.00
942 _2ddc
_cBK
999 _c629
_d629